Antón quiere ser dragón / (Registro nro. 11892)

Detalles MARC
000 -LIDER
fixed length control field 00734nam a22002657a 4500
001 - NÚMERO DE CONTROL
Identificador de número de control 0011757
003 - IDENTIFICACDOR DE NÚMERO DE CONTROL
control field DO-SdBNP
005 - DATE AND TIME OF LATEST TRANSACTION
control field 20180209093816.0
007 - CAMPOS FIJOS DE DESCRIPCIÓN FÍSICA
fixed length control field 0011756
008 - ELEMENTOS DE LONGITUD FIJA
fixed length control field 161110b 1994 sp||||| |||| 00| 0 spa d
020 ## - ISBN
International Standard Book Number 9788434838512
040 ## - FUENTE DE CATALOGACIÓN
Agencia que crea de manera original el registro BPMSU
Idioma de catalogación spa
Agencia que realiza la transcripción BPMSU
082 ## - NÚMERO DE CLASIFICACIÓN DECIMAL DE DEWEY
Classification number xxxxxxxxx
Item number xxxxxxxxx
100 1# - ASIENTO PRINCIPAL -- NOMBRE PERSONAL
Nombre personal Esteban, Ángel
245 1# - MENCIÓN DE TITULO
Título Antón quiere ser dragón /
Mención de responsabilidad Ángel Esteban ; colección Isabel Cano
250 ## - MENCIÓN DE EDICION
Mención de edición 2a ed.
260 ## - PUBLICACIÓN, DISTRIBUCIÓN, ETC. (PIE DE IMPRENTA)
Lugar de publicación, distribución, etc Madrid :
Nombre del editor, distribuidor, etc. Ediciones SM,
Fecha de publicación, distribución, etc 1994.
300 ## - DESCRIPCIÓN FÍSICA
Extensión 31 p. :
Otros detalles físicos il.,
Dimensiones 18 cm.
490 1# - MENCIÓN DE SERIES
Mención de serie Los piratas
700 1# - ASIENTO SECUNDARIO -- NOMBRE PERSONAL
Nombre personal Cano, Isabel,
Materiales especificados colección
830 #0 - ASIENTO SECUNDARIO DE SERIE--TÍTULO UNIFORME
Título uniforme Los piratas
942 ## - ADDED ENTRY ELEMENTS (KOHA)
Source of classification or shelving scheme Dewey Decimal Classification
Koha item type Libros
945 ## - INFORMACIÓN DE PROCESAMIENTO LOCAL
Información de procesamiento local inventariado, 2018 / dg
956 ## - LOCAL ELECTRONIC LOCATION AND ACCESS (OCLC)
Nombre de host BTAVÁREZ
Número de acceso 10
Información de compresión 20161110
Trayectoria 0011757
Existencias
Withdrawn status Lost status Source of classification or shelving scheme Damaged status Not for loan Collection code Home library Current library Date acquired Total Checkouts Full call number Barcode Date last seen Price effective from Koha item type
    Dewey Decimal Classification     Colección Infantil General Biblioteca Pública Metropolitana Salomé Ureña Biblioteca Pública Metropolitana Salomé Ureña 11/10/2016   xxxxxxxxx xxxxxxxxx BPMSU16111170 11/10/2016 11/10/2016 Libros